Gagnants-la ligue des champions depuis 2000 - Statistiques

Statistiques générales
  • Ce quiz a été pris 68 fois
  • Le résultat moyen est 14 sur 26
Statistiques - réponses
Hint Réponse % Correct
2024 Réal Madrid
100%
2025 Paris Saint Germain
92%
2023 Manchester City
82%
2015 FC Barcelone
77%
2011 FC Barcelone
77%
2009 FC Barcelone
77%
2006 FC Barcelone
77%
2020 Bayern Munich
73%
2013 Bayern Munich
73%
2001 Bayern Munich
73%
2019 Liverpool
73%
2005 Liverpool
73%
2021 Chealsea
72%
2012 Chealsea
72%
2008 Manchester United
68%
2007 AC Milan
65%
2003 AC Milan
65%
2010 Inter Milan
62%
2004 FC Porto
53%
2022 Réal Mardrid
3%
2018 Réal Mardrid
3%
2017 Réal Mardrid
3%
2016 Réal Mardrid
3%
2014 Réal Mardrid
3%
2002 Réal Mardrid
3%
2000 Réal Mardrid
3%
Aucun quiz correspondant
Distribution des résultats
% des personnes avec chaque résultat
Percentile par nombre de réponses
Votre historique - résultats
Vous n’avez pas pris ce quiz